000 00259nam a2200097Ia 4500
082 _aEKF|DOTR
245 0 _aThe Little Mermaid CD storybook
100 _a Dotrice, Roy Bath, 2009
_970790
942 _cBK
008 210817s9999 xx 000 0 und d
999 _c229973
_d229972